| 000 | 02093cam a2200481Mc 4500 | ||
|---|---|---|---|
| 003 | PE-LiUPU | ||
| 005 | 20250731183340.0 | ||
| 008 | 140923s2014 sp a rb 000 0 spa d | ||
| 020 | _a8494279416 | ||
| 020 | _a9788494279416 | ||
| 035 | _a(Sirsi) i9788494279416 | ||
| 040 |
_aBNM _bspa _erda _cBNM _dSUE _dPE-LiUPU |
||
| 041 | 0 |
_aspa _aita _aeng |
|
| 049 | _aPRUA | ||
| 080 | _a72.012.22 | ||
| 082 | 0 | 4 |
_a720.7 _bS8 _222 |
| 245 | 0 | 3 |
_aEl sueño de la razón : _bUnidad docente Alberto Campo Baeza : memoria del curso académico 2013-2014 / _c[director, Alberto Campo Baeza ; coordinador, David Carrasco Rouco]. |
| 264 | 1 |
_aMadrid : _bMairea Libros, _c2014. |
|
| 300 |
_a219 páginas : _bilustraciones ; _c21 centímetros |
||
| 336 |
_atext _2rdacontent |
||
| 337 |
_aunmediated _2rdamedia |
||
| 338 |
_avolume _2rdacarrier |
||
| 500 | _aIncluye códigos QR para acceder al trabajo de los alumnos : página 218. | ||
| 504 | _aBibliografía : páginas 214-217. | ||
| 505 | 0 | _aTextos de profesores de la unidad docente -- Textos de profesores invitados -- Ejercicios de los alumnos -- Actividades de curso -- Trabajo de los alumnos. | |
| 526 | _aP158 | ||
| 526 | _aP146 | ||
| 526 | _aP17 | ||
| 526 | _aP12 | ||
| 526 | _aP06 | ||
| 541 | _g003-001041; | ||
| 546 | _aTextos en español, italiano e inglés. | ||
| 650 | 7 |
_aDibujo de arquitectura. _2embne |
|
| 650 | 0 | 4 |
_aArquitectura _xEstudio y enseñanza. |
| 700 | 1 |
_aCampo Baeza, Alberto, _edirector de la publicación, _eautor. |
|
| 700 | 1 |
_aCarrasco Rouco, David, _edirector de la publicación, _eautor. |
|
| 910 |
_ajck _b _caqs _d20150112 |
||
| 942 |
_2ddc _cBOOK |
||
| 949 |
_a720.7 S8 _wDEWEY _c1 _i72372 _lCCODEBUL1 _mBUL _p18.37 _r0 _sY _tBOOK _u2016-1-11 _xINGENIERIA _PP06 _0COMPRA _o.STAFF. Colección General |
||
| 994 |
_aC0 _bPEPRU |
||
| 596 | _a1 | ||
| 999 |
_a720.7 S8 _wDEWEY _c8359 _i72372 _d8359 _e2018-4-17 _f2021-11-9 _g7 _lCCODEBUL1 _mBUL _n1 _p18.37 _r0 _sY _tBOOK _u2016-1-11 _xINGENIERIA _PP06 _0COMPRA _o.STAFF. Colección General |
||
| 980 |
_81 _gALBERTO SANCHEZ Responsable de Automatización |
||